Concelhos de Portalegre - Statistics

Estatísticas Gerais
  • Esse quiz foi jogado 166 vezes
  • A pontuação média é 10 de 15
Respostas no mapa
Respostas codificadas por cores de uma escala verde-vermelha no mapa do quiz de acordo com a % correta abaixo.
 
Estatísticas das Respostas
Concelho % Correto
Portalegre
94%
Castelo de Vide
75%
Marvão
72%
Elvas
69%
Nisa
69%
Campo Maior
66%
Ponte de Sôr
66%
Alter do Chão
63%
Crato
59%
Fronteira
59%
Gavião
59%
Monforte
59%
Sousel
59%
Arronches
53%
Avis
50%
Nenhum quiz correspondente encontrado
Distribuição das Pontuações
Porcentagem de Pessoas com Cada Pontuação
Percentil de Números Respondidos
Sua Pontuação Histórica
Você não jogou esse quiz